Software engineering : Barry W. Boehm’s lifetime contributions to software development, management, and research
This is the most authoritative archive of Barry Boehm's contributions to software engineering. Featuring 42 reprinted articles, along with an introduction and chapter summaries to provide context, it serves as a "how-to" reference manual for software engineering best practices. It pro...
Đã lưu trong:
| Format: | Bog |
|---|---|
| Sprog: | Undetermined |
| Udgivet: |
Hoboken, N.J
Wiley-Interscience
2007
|
| Fag: | |
| Tags: |
Tilføj Tag
Ingen Tags, Vær først til at tagge denne postø!
|
| Thư viện lưu trữ: | Trung tâm Học liệu Trường Đại học Cần Thơ |
|---|
| LEADER | 01137nam a2200205Ia 4500 | ||
|---|---|---|---|
| 001 | CTU_132244 | ||
| 008 | 210402s9999 xx 000 0 und d | ||
| 020 | |c 54.75 | ||
| 082 | |a 005.1 | ||
| 082 | |b S681 | ||
| 245 | 0 | |a Software engineering : | |
| 245 | 0 | |b Barry W. Boehm’s lifetime contributions to software development, management, and research | |
| 245 | 0 | |c Edited by Richard W. Selby. | |
| 260 | |a Hoboken, N.J | ||
| 260 | |b Wiley-Interscience | ||
| 260 | |c 2007 | ||
| 520 | |a This is the most authoritative archive of Barry Boehm's contributions to software engineering. Featuring 42 reprinted articles, along with an introduction and chapter summaries to provide context, it serves as a "how-to" reference manual for software engineering best practices. It provides convenient access to Boehm's landmark work on product development and management processes. The book concludes with an insightful look to the future by Dr. Boehm | ||
| 650 | |a Software engineering,Computer programming,Computer software,Kỹ nghệ máy tính | ||
| 650 | |x Management,Development | ||
| 980 | |a Trung tâm Học liệu Trường Đại học Cần Thơ | ||